| 000 | 00453nam a2200169Ia 4500 | ||
|---|---|---|---|
| 999 |
_c33951 _d33951 |
||
| 003 | OSt | ||
| 005 | 20210122101944.0 | ||
| 008 | 190216s9999||||xx |||||||||||||| ||und|| | ||
| 040 | _coclc | ||
| 082 |
_a530 _bGUP/H |
||
| 100 |
_aGupta, R K _94149 |
||
| 245 | 0 |
_aA Handbook Of Physics / _cR K Gupta |
|
| 260 |
_bCyber Tech, _aNew Delhi: _c2005. |
||
| 300 | _a1335p | ||
| 650 | _aPhysics | ||
| 942 |
_cREF _2ddc _h530 _iGUP/H _k530 _mUP/H |
||